000 00933nam a2200289 i 4500
001 000032497
003 DO-SdBNP
005 20241008112131.0
007 ta
008 110718s1974 dr r 000 0 spa d
040 _aDO-SdBNP
_bspa
_cBNPHU
_erda
041 _hspa
082 4 _a861.44
_bA973l
_222
100 _aAybar J., Ramón Antonio,
_eautor
_4aut.
_958438
245 1 0 _aLira en mi loma /
_cRamón Antonio Aybar J.
264 4 _a[Santo Domingo] :
_bEditora La Moderna,
_c1974.
300 _a68 páginas ;
_c16 cm.
336 _atexto
_btxt
_2rdacontent
337 _asin mediación
_bn
_2rdamedia
338 _avolumen
_bnc
_2rdacarrier
505 _aVida campesina--
_tHistoria de mi tierra--
_tTemas de moral y religión.
590 _aInventariado, 2024/BT
650 4 _aPoesías dominicanas
_977972
650 0 _aLiteratura dominicana.
_967
910 _aBtavárez. Validado. Control de Calidad/MAA
942 _2ddc
_cLBS1
999 _c31988
_d31988